U.S. Vice Presidents - Sudden Death - Statistics

General Stats
  • This quiz has been taken 523 times
  • The average score is 7 of 14
Answers on the Grid
Answers color-coded by a green-red scale on the quiz's grid according to % correct below.
Abraham Lincoln
Adlai Stevenson
Al Gore
Alexander Hamilton
Andrew Garfield
Andrew Jackson
Barack Obama
Bill Clinton
Calvin Coolidge
Charles Curtis
Dan Quayle
Dick Cheney
Dwight D. Eisenhower
Franklin D. Roosevelt
George Clinton
Henry Clay
Hubert Humphrey
Joe Biden
John C. Breckinridge
John Tyler
Mike Johnson
Nancy Polosi
Nelson Rockefeller
Ronald Reagan
Rudy Giuliani
Sam Rayburn
Thomas Jefferson
Ulysses S. Grant
William McKinley
William R. King
 
Answer Stats
Answer % Correct
Al Gore
86%
Dick Cheney
71%
Joe Biden
70%
Dan Quayle
60%
Adlai Stevenson
46%
Hubert Humphrey
46%
Nelson Rockefeller
44%
Thomas Jefferson
40%
Calvin Coolidge
37%
John Tyler
37%
John C. Breckinridge
34%
Charles Curtis
32%
George Clinton
32%
William R. King
27%
No matching quizzes found
Score Distribution
Percent of People with Each Score
Percentile by Number Answered
Your Score History
You have not taken this quiz